000 00599cam a22001577a 4500
008 180718b1981 xxu||||| |||| 00| 0 eng d
082 _aAPPPA 80-81 TAN
100 _aMing, Tan Kooi
245 _aIndustrialisation and industrial estates in developing countries and Malaysia in particular: a case study of an agro-based industry in Malaysia
_cby Tan Kooi Ming
260 _aNew Delhi
_bIndian Institute of Public Administration
_c1981
300 _a114+p.
650 _aAgro-based industry-Malaysia
650 _aDeveloping countries
650 _aIndustrial estates
650 _aIndustrialisation
999 _c501252
_d501252